| 000 | 00830nam a2200205Ia 4500 | ||
|---|---|---|---|
| 999 |
_c36667 _d36667 |
||
| 001 | 2591 | ||
| 003 | GE_BSU | ||
| 005 | 20230315151012.0 | ||
| 008 | 181216s1980||||ge |||||||||||||| ||geo|| | ||
| 040 | _cGE_BSU | ||
| 041 | _ageo | ||
| 080 | _a61(479.22)(09) შ–48 | ||
| 100 |
_aშენგლია, მ. _917213 |
||
| 245 |
_aქართული მედიცინის ისტორია : _b[დამხმ. სახელმძღვ. სამედ. ინ-ტის სტუდენტებისათვის] / _cმ. შენგელია. |
||
| 264 |
_aთბილისი : _bგანათლება, _c1980. |
||
| 300 |
_a392 გვ.; _b ილ. ; _c21 სმ. |
||
| 541 | _h8 ლ. | ||
| 653 | _aქართული მედიცინის ისტორია | ||
| 942 |
_cBK _2udc |
||